Trenerzy piłki nożnej na literę I - Statystyki

Ogólne statystyki
  • Ten quiz został rozwiązany 19 razy
  • Średni wynik to 2 z 5
Statystyki odpowiedzi
Prowadzone zespoły Odpowiedź % Poprawnych
Lazio 2016-2021 Inter Mediolan 2021-2025 Simone Inzaghi
94%
Steaua Bukareszt 1986-1990 1992-1993 Rumunia 1993-1998 2002-2004 2014-2016 Anghel Iordanescu
59%
CFR Cluj 2020-2021 Rumunia 2022-2024 Legia Warszawa 2025- Edward Iordanescu
59%
Deportivo La Coruna 1999-2005 Javier Irureta
12%
Hajduk Split 1973-1976 1978-1980 1986-1987 Ajax 1976-1978 Anderlecht Bruksela 1980-1983 FC Porto 1987-1988 Tomislav Ivic
12%
Nie znaleziono quizów pasujących do podanych kryteriów
Rozkład punktacji
Procent ludzi z każdym wynikiem
Percentyl według liczby udzielonych odpowiedzi
Twoja historia wyników
Nie rozwiązałeś tego quizu